00590 2200169 4500245009000000020002200090250001000112100002200122650003500144005001900179260003500198041001400233084001100247500011800258490003500376336000900411 aEnsiklopedia Nabi Muhammad SAW Sebagai Utusan Allah Volume 1cZAIDAH KUSUMAWATIhText a978-979-3535-84-5 aCet.1 aZAIDAH KUSUMAWATI aEnsiklopedia Nabi Muhammad SAW a20231124135318 aJakartabPT Ikrar Mandiriabadi aIndonesia a297.03 aDaftar Isi : Mengenal Nabi Dan Rasul, Nabi Dan Rasul Sebelum Nabi Muhammad SAW, Sejarah Singkat Nabi Muhammad SAW aEnsiklopedia Nabi Muhammad SAW atext